Normas y cumplimiento en áreas de manejo de recursos bentónicos : estudio de caso en la Región del Bío-Bío /

Este trabajo describe formas de organización y normas de funcionamiento en áreas de manejo y explotación de recursos bentónicos de la Región del Bío-Bío. Adicionalmente, en base a una encuesta especial aplicada a pescadores integrantes de las organizaciones, se reportan resultados de una evaluación...

Descripción completa

Detalles Bibliográficos
Autor principal: Palma, Mario
Otros Autores: Chávez, Carlos
Formato: Analitica de revista
Lenguaje:español
Publicado: Santiago, Chile CEP 2006

MARC

LEADER 00000cab a2200000 a 4500
001 032604
003 UAHC_CL
005 20170803123522.0
008 030915b xx j 000 1 spa
040 |a UAHC_CL  |c UAHC_CL  |d UAHC_CL 
100 1 |a Palma, Mario 
245 1 0 |a Normas y cumplimiento en áreas de manejo de recursos bentónicos :  |b estudio de caso en la Región del Bío-Bío /  |c Mario Palma y Carlos Chávez. 
260 |b CEP  |c 2006  |a Santiago, Chile 
300 |a p. 237-276 
500 |a En: Estudios Públicos. -- Nº103 (invierno, 2006), p. 237-276. ISSN 07161115. 
500 |a En: Estudios Públicos. -- Nº103 (invierno, 2006), p. 237-276. ISSN 07161115. 
500 |a En: Estudios Públicos. -- N∫103 (invierno, 2006), p. 237-276. ISSN 07161115. 
520 |a Este trabajo describe formas de organización y normas de funcionamiento en áreas de manejo y explotación de recursos bentónicos de la Región del Bío-Bío. Adicionalmente, en base a una encuesta especial aplicada a pescadores integrantes de las organizaciones, se reportan resultados de una evaluación respecto de cumplimiento de normas de extracción y cooperación. Se concluye que aun cuando las áreas consideradas presentan aspectos de organización y funcionamiento similares, existen diferencias en relación a sistemas de vigilancia empleados y reglas de distribución de beneficios económicos. Los resultados de la encuesta indican que mientras un 18% de los pescadores se declara infractor de la norma que restringe la extracción de recursos, un 43% de ellos reconoce transgredir normas de cooperación. El perfil socioeconómico de los pescadores artesanales infractores, su percepción respecto de la legitimidad de la regulación y dirigentes, y el sentido de pertenencia a sus organizaciones son también analizados. 
520 |a Este trabajo describe formas de organización y normas de funcionamiento en áreas de manejo y explotación de recursos bentónicos de la Región del Bío-Bío. Adicionalmente, en base a una encuesta especial aplicada a pescadores integrantes de las organizaciones, se reportan resultados de una evaluación respecto de cumplimiento de normas de extracción y cooperación. Se concluye que aun cuando las áreas consideradas presentan aspectos de organización y funcionamiento similares, existen diferencias en relación a sistemas de vigilancia empleados y reglas de distribución de beneficios económicos. Los resultados de la encuesta indican que mientras un 18% de los pescadores se declara infractor de la norma que restringe la extracción de recursos, un 43% de ellos reconoce transgredir normas de cooperación. El perfil socioeconómico de los pescadores artesanales infractores, su percepción respecto de la legitimidad de la regulación y dirigentes, y el sentido de pertenencia a sus organizaciones son también analizados. 
700 1 |a Chávez, Carlos 
700 1 |a Chávez, Carlos 
759 |a PP068 
773 0 |t Estudios públicos  |w 032045 
900 |a ESTUDIOS PUBLICOS-103/06 
942 |c REVA 
952 |0 0  |1 0  |4 0  |6 ESTUDIOS_PUBLICOS103_06_000000000000000  |7 0  |8 General  |9 63027  |a BC  |b BC  |c General  |d 2017-08-03  |l 0  |o ESTUDIOS PUBLICOS-103/06  |p FICTICIO3376  |r 2019-01-08 00:00:00  |t 1  |w 2017-08-03  |y REVA 
999 |c 32604  |d 32604